| 000 | 00426nam a2200157 i 4500 | ||
|---|---|---|---|
| 001 | 85266 | ||
| 003 | ES-MaACL | ||
| 005 | 20230906175218.0 | ||
| 007 | t| | ||
| 008 | 041126s1967 sp ||||1| spa d | ||
| 100 | 1 |
_aJordá, Luis. _966897 |
|
| 245 | 1 | 0 |
_aCasos especiales _b: narraciones / _cLluis Jordá. |
| 260 |
_aBarcelona : _bDelos Aymáa, _c[1967] |
||
| 300 |
_a165 p. ; _c19 cm. |
||
| 852 |
_aES-MaACL _jC-33547 _bR.64178 |
||
| 999 |
_c85266 _d85266 |
||